| 000 | 00748nam a2200241 a 4500 | ||
|---|---|---|---|
| 001 | 3145 | ||
| 005 | 20140414131919.0 | ||
| 008 | 060201s19uu xx 00 eng d | ||
| 020 | _a0-590-22712-2 | ||
| 050 |
_aER _bM74 1995 |
||
| 100 | _aMaccarone, Grace | ||
| 245 |
_aMonster math / _cby Grace Maccarone ; illustrated by Marge Hartelius. |
||
| 260 |
_aNew York : _bScholastic, _c1995. |
||
| 300 | _a1 v. p. : ill. ; cm. | ||
| 440 | _aHello Math reader, level 1 | ||
| 520 | _aRhyming text and illustrations follow the activities of a group of twelve monsters that diminishes one by one. | ||
| 650 |
_aMonsters _xFiction. |
||
| 650 | _aCounting. | ||
| 650 | _aStories in rhyme. | ||
| 999 |
_c111634 _d111634 |
||